[Event "KAZ-ch Open 2019"]
[Site "Almaty"]
[Date "2019.04.27"]
[Round "6.2"]
[White "Urazayev, Arystanbek"]
[Black "Moisseyenko, Ilya"]
[Result "1/2-1/2"]
[WhiteElo "2446"]
[BlackElo "2329"]
[Annotator "RC"]
[PlyCount "144"]
[EventDate "2019.04.21"]
[EventType "tourn"]
[EventCountry "KAZ"]
[SourceTitle "playchess.com"]
[Source "ChessBase"]
[SourceQuality "1"]
[TimeControl "40/5400+30:1800+30"]

1. e4 {[%emt 0:00:00]} Nf6 {[%emt 0:00:00]} 2. e5 {[%emt 0:00:33]} Nd5 {[%emt 0:00:00]} 3. c4 {[%emt 0:00:25]} Nb6 {[%emt 0:00:00]} 4. d4 {[%emt 0:00:02]} d6 {[%emt 0:00:00]} 5. exd6 {[%emt 0:00:25]} exd6 {[%emt 0:00:00]} 6. h3 {[%emt 0:00:05]} Be7 {[%emt 0:00:10]} 7. Nf3 {[%emt 0:01:30]} Bf5 {[%emt 0:00:36]} 8. Be2 {[%emt 0:00:14]} O-O {[%emt 0:00:13]} 9. O-O {[%emt 0:00:46]} Nc6 {[%emt 0:02:43]} 10. Nc3 {[%emt 0:00:14]} Bf6 {[%emt 0:03:46]} 11. Bf4 {[%emt 0:00:53]} Re8 {[%emt 0:00:30]} 12. Qd2 {[%emt 0:00:54]} h6 {[%emt 0:04:57]} 13. Rfd1 {[%emt 0:00:15]} Qd7 {[%emt 0:00:37]} 14. Rac1 {[%emt 0:00:31]} Rad8 {[%emt 0:00:33]} 15. Bf1 {[%emt 0:01:59]} Bg6 {[%emt 0:01:44]} 16. b3 {[%emt 0:02:59]} Bh5 {[%emt 0:02:30]} 17. g4 {[%emt 0:04:57]} Bg6 {[%emt 0:00:18]} 18. Bg3 {[%emt 0:03:15]} Bh7 {[%emt 0:22:26]} 19. Qf4 {[%emt 0:04:38]} Ne7 {[%emt 0:02:16]} 20. Ne4 {[%emt 0:10:31]} Bxe4 {[%emt 0:08:34]} 21. Qxe4 {[%emt 0:00:09]} Qc6 {[%emt 0:07:34]} 22. Qd3 {[%emt 0:02:47]} Qd7 {[%emt 0:03:28]} 23. Qd2 {[%emt 0:11:10]} Qc8 {[%emt 0:06:33]} 24. Re1 {[%emt 0:02:42]} Ng6 {[%emt 0:00:33]} 25. Bd3 {[%emt 0:03:11]} Rxe1+ {[%emt 0:00:59]} 26. Rxe1 {[%emt 0:00:10]} Re8 {[%emt 0:01:15]} 27. Rxe8+ {[%emt 0:04:13]} Qxe8 {[%emt 0:00:04]} 28. h4 {[%emt 0:00:44]} Qd8 {[%emt 0:02:48]} 29. Qe3 {[%emt 0:06:59]} Nf8 {[%emt 0:05:45]} 30. Kg2 {[%emt 0:03:51]} Nbd7 {[%emt 0:01:43]} 31. Be4 {[%emt 0:09:08]} b6 {[%emt 0:01:30]} 32. Bd5 {[%emt 0:01:10]} Qe7 {[%emt 0:02:17]} 33. g5 {[%emt 0:05:56]} hxg5 {[%emt 0:01:11]} 34. Nxg5 {[%emt 0:08:24]} Bxg5 {[%emt 0:01:55]} 35. hxg5 {[%emt 0:00:06]} Qxe3 {[%emt 0:00:28]} 36. fxe3 {[%emt 0:00:05]} g6 {[%emt 0:00:22]} 37. Kf3 {[%emt 0:03:20]} Ne6 {[%emt 0:00:27]} 38. Bh4 {[%emt 0:03:00]} Kf8 {[%emt 0:00:05]} 39. b4 {[%emt 0:02:36]} Ke7 {[%emt 0:00:02]} 40. a3 {[%emt 0:00:00]} Ndf8 {[%emt 0:00:00]} 41. Kg4 {[%emt 0:03:54]} Nh7 {[%emt 0:00:27]} 42. Be4 {[%emt 0:02:58]} Ke8 {[%emt 0:04:05]} 43. Bd3 {[%emt 0:01:30]} Ke7 {[%emt 0:01:06]} 44. Bc2 {[%emt 0:08:42]} Ke8 {[%emt 0:00:46]} 45. Bb1 {[%emt 0:02:32]} Ke7 {[%emt 0:00:59]} 46. Bc2 {[%emt 0:00:04]} Ke8 {[%emt 0:00:08]} 47. a4 {[%emt 0:00:04]} Ke7 {[%emt 0:01:32]} 48. Bd3 {[%emt 0:00:55]} Ke8 {[%emt 0:00:26]} 49. Bb1 {[%emt 0:00:10]} Ke7 {[%emt 0:00:03]} 50. Bc2 {[%emt 0:00:10]} Ke8 {[%emt 0:00:04]} 51. a5 {[%emt 0:00:09]} Ke7 {[%emt 0:00:37]} 52. Ba4 {[%emt 0:03:19]} Kd8 {[%emt 0:01:15]} 53. Bc6 {[%emt 0:01:10]} Ke7 {[%emt 0:00:06]} 54. a6 {[%emt 0:02:10]} Nd8 {[%emt 0:00:37]} 55. Ba4 {[%emt 0:01:51]} Ne6 {[%emt 0:00:11]} 56. Bb3 {[%emt 0:04:22]} Ke8 {[%emt 0:02:53]} 57. Bc2 {[%emt 0:00:10]} Ke7 {[%emt 0:00:04]} 58. Bf2 {[%emt 0:01:24]} Ke8 {[%emt 0:01:31]} 59. e4 {[%emt 0:03:32]} Nexg5 {[%emt 0:03:23]} 60. d5 {[%emt 0:00:10]} Kd7 {[%emt 0:02:31]} 61. Bd4 {[%emt 0:02:58]} Kc8 {[%emt 0:03:18]} 62. c5 {[%emt 0:01:18]} f6 {[%emt 0:05:06]} 63. cxd6 {[%emt 0:01:28]} cxd6 {[%emt 0:00:02]} 64. Bxf6 {[%emt 0:01:00]} Nxf6+ {[%emt 0:01:07]} 65. Kxg5 {[%emt 0:00:07]} Nd7 {[%emt 0:00:02]} 66. Kxg6 {[%emt 0:00:51]} Kc7 {[%emt 0:00:06]} 67. Kf5 {[%emt 0:00:35]} Ne5 {[%emt 0:00:14]} 68. Ke6 {[%emt 0:00:20]} Nd7 {[%emt 0:00:13]} 69. Bd1 {[%emt 0:00:39]} Ne5 {[%emt 0:00:13]} 70. Be2 {[%emt 0:00:16]} Nd7 {[%emt 0:00:07]} 71. Kf5 {[%emt 0:00:34]} Ne5 {[%emt 0:00:09]} 72. Kf4 {[%emt 0:00:22]} Kd7 {[%emt 0:00:22] Kxe5} 1/2-1/2

[Event "KAZ-ch Open 2019"]
[Site "Almaty"]
[Date "2019.04.27"]
[Round "6.3"]
[White "Kvan, Andrey"]
[Black "Ismagambetov, Anuar"]
[Result "0-1"]
[WhiteElo "2286"]
[BlackElo "2554"]
[Annotator "TA"]
[PlyCount "64"]
[EventDate "2019.04.21"]
[EventType "tourn"]
[EventCountry "KAZ"]
[SourceTitle "playchess.com"]
[Source "ChessBase"]
[SourceQuality "1"]

{[%evp 15,64,0,-4,-42,-2,-22,-18,-16,-16,-22,-15,-59,-41,-122,-76,-56,-71,-64,-47,-42,-51,-48,-35,-74,-52,-59,-31,-74,-31,-63,-31,-33,-31,-33,-33,-84,-87,-77,-77,-381,-378,-371,-385,-381,-390,-390,-372,-363,-338,-836,-807]} 1. e4 c5 2. Nc3 Nc6 3. g3 g6 4. Bg2 Bg7 5. d3 e5 6. Be3 d6 7. Qd2 Nge7 8. Nge2 Nd4 9. h3 {B26: Closed Sicilian: 3 g3, lines with early Be3} Bd7 (9... Be6 10. f4 Qb6 11. Nd1 O-O 12. O-O d5 13. c3 Nxe2+ 14. Qxe2 d4 15. Bf2 Qd6 16. Be1 f5 17. cxd4 cxd4 {0-1 (54) Hou,Y (2575)-Ju,W (2515) Hangzhou 2011}) 10. Nd1 $146 ({Predecessor:} 10. Nd5 Nxd5 11. exd5 Nf5 12. Nc3 Nxe3 13. Qxe3 f5 14. Qe2 O-O 15. O-O Qf6 16. Rae1 Rae8 {½-½ (24) Nowarra,W-Paschke,E Soemmerda 1957}) 10... O-O 11. c3 {The position is equal.} Nxe2 12. Qxe2 f5 13. Bg5 f4 $1 $36 {[%mdl 2048] Black has some pressure.} 14. g4 (14. gxf4 $15 exf4 15. Qd2) 14... h6 15. Bxe7 Qxe7 16. c4 f3 17. Bxf3 Bf6 18. Bg2 Bh4 {[%mdl 1024] Black has compensation.} 19. Kd2 Rf7 20. f3 Rb8 21. Nc3 Qd8 22. Kc2 a6 23. Rhb1 Bc6 24. b3 Kg7 25. Rb2 (25. a4 $15) 25... b5 $17 26. a3 Rfb7 27. Kc1 $2 {[%mdl 8192] [#]} (27. Raa2 $17) 27... bxc4 $19 28. dxc4 Rxb3 29. Rxb3 Rxb3 30. Qc2 Qb8 {Hoping for ...Bg5+.} 31. Rb1 Bg5+ 32. Kd1 $2 {[#]} (32. f4 Bxf4+ 33. Kd1) 32... Ba4 $1 {[%mdl 512] Accuracy: White = 31%, Black = 52%.} 0-1

[Event "KAZ-ch Open 2019"]
[Site "Almaty"]
[Date "2019.04.27"]
[Round "6.4"]
[White "Kostenko, Petr"]
[Black "Makhnev, Denis"]
[Result "1/2-1/2"]
[WhiteElo "2450"]
[BlackElo "2483"]
[Annotator "ChessBase"]
[PlyCount "98"]
[EventDate "2019.04.21"]
[EventType "tourn"]
[EventCountry "KAZ"]
[SourceTitle "playchess.com"]
[Source "ChessBase"]
[SourceQuality "1"]
[TimeControl "40/5400+30:1800+30"]

1. e4 {[%emt 0:00:55]} e5 {[%emt 0:00:00]} 2. Nf3 {[%emt 0:00:12]} Nc6 {[%emt 0:00:00]} 3. c3 {[%emt 0:00:24]} Nf6 {[%emt 0:00:04]} 4. d3 {[%emt 0:00:19]} d5 {[%emt 0:00:28]} 5. Nbd2 {[%emt 0:00:06]} Be7 {[%emt 0:02:19]} 6. b4 {[%emt 0:01:13]} a6 {[%emt 0:01:21]} 7. Be2 {[%emt 0:00:05]} O-O {[%emt 0:01:05]} 8. O-O {[%emt 0:00:09]} Bg4 {[%emt 0:12:55]} 9. Bb2 {[%emt 0:02:57]} Bxf3 {[%emt 0:16:07]} 10. Bxf3 {[%emt 0:02:49]} d4 {[%emt 0:00:06]} 11. Qb1 {[%emt 0:03:19]} Qd7 {[%emt 0:03:13]} 12. Rc1 {[%emt 0:03:02]} dxc3 {[%emt 0:06:55]} 13. Bxc3 {[%emt 0:00:06]} Rfd8 {[%emt 0:00:05]} 14. Be2 {[%emt 0:00:19]} Nd4 {[%emt 0:08:34]} 15. Bxd4 {[%emt 0:05:32]} Qxd4 {[%emt 0:00:06]} 16. Rxc7 {[%emt 0:11:19]} Qxb4 {[%emt 0:00:07]} 17. Nf3 {[%emt 0:00:23]} Rd7 {[%emt 0:00:12]} 18. Rc4 {[%emt 0:08:23]} Qxb1+ {[%emt 0:06:13]} 19. Rxb1 {[%emt 0:00:06]} Bd6 {[%emt 0:00:05]} 20. d4 {[%emt 0:13:17]} exd4 {[%emt 0:10:05]} 21. e5 {[%emt 0:05:06]} Re8 {[%emt 0:00:08]} 22. exf6 {[%emt 0:05:04]} Rxe2 {[%emt 0:00:05]} 23. Nxd4 {[%emt 0:01:34]} Re5 {[%emt 0:00:04]} 24. Nf3 {[%emt 0:00:54]} Rd5 {[%emt 0:01:10]} 25. g4 {[%emt 0:10:11]} h5 {[%emt 0:02:09]} 26. Rc8+ {[%emt 0:00:44]} Kh7 {[%emt 0:00:44]} 27. fxg7 {[%emt 0:00:10]} Kxg7 {[%emt 0:00:04]} 28. h3 {[%emt 0:00:58]} hxg4 {[%emt 0:01:43]} 29. hxg4 {[%emt 0:00:03]} Ra5 {[%emt 0:03:05]} 30. Nh4 {[%emt 0:01:18]} Bc5 {[%emt 0:04:44]} 31. Rb2 {[%emt 0:01:03]} Kf6 {[%emt 0:00:19]} 32. Kg2 {[%emt 0:00:23]} Rd4 {[%emt 0:06:01]} 33. f3 {[%emt 0:02:13]} Rb4 {[%emt 0:04:34]} 34. Rc2 {[%emt 0:03:02]} Bd4 {[%emt 0:01:52]} 35. Nf5 {[%emt 0:03:38]} Be5 {[%emt 0:02:04]} 36. Ne3 {[%emt 0:00:55]} Bf4 {[%emt 0:00:19]} 37. Nd1 {[%emt 0:02:21]} Kg7 {[%emt 0:01:55]} 38. Re2 {[%emt 0:02:29]} Rd4 {[%emt 0:04:35]} 39. Nf2 {[%emt 0:00:19]} Re5 {[%emt 0:00:56]} 40. Ne4 {[%emt 0:00:00]} b5 {[%emt 0:00:00]} 41. Ra8 {[%emt 0:04:38]} Ra4 {[%emt 0:10:01]} 42. Rc2 {[%emt 0:02:49]} Rd5 {[%emt 0:01:18]} 43. Re2 {[%emt 0:03:07]} Ra3 {[%emt 0:00:53]} 44. Ng3 {[%emt 0:01:34]} Bxg3 {[%emt 0:00:20]} 45. Kxg3 {[%emt 0:00:03]} Rd1 {[%emt 0:00:08]} 46. Rf2 {[%emt 0:06:32]} Ra1 {[%emt 0:00:32]} 47. Rb8 {[%emt 0:01:13]} R3xa2 {[%emt 0:03:06]} 48. Rxa2 {[%emt 0:00:04]} Rxa2 {[%emt 0:00:05]} 49. f4 {[%emt 0:01:04]} Ra1 1/2-1/2

[Event "KAZ-ch Open 2019"]
[Site "Almaty"]
[Date "2019.04.27"]
[Round "6.5"]
[White "Ibrayev, Nurlan"]
[Black "Kazhgaleyev, Murtas"]
[Result "1-0"]
[WhiteElo "2379"]
[BlackElo "2578"]
[Annotator "TA"]
[PlyCount "85"]
[EventDate "2019.04.21"]
[EventType "tourn"]
[EventCountry "KAZ"]
[SourceTitle "playchess.com"]
[Source "ChessBase"]
[SourceQuality "1"]

{[%evp 17,85,30,20,11,17,0,2,19,28,10,40,62,90,56,91,82,71,61,82,41,49,50,48,59,63,27,85,74,61,71,109,101,119,114,98,111,157,165,137,45,92,46,62,69,65,35,522,362,342,327,334,322,961,960,1164,1139,1117,1111,1083,1068,1034,1056,1546,1447,1662,1642,1984,1927,29991,29992]} 1. e4 e5 2. Nf3 d6 3. d4 exd4 4. Nxd4 Nf6 5. Nc3 Be7 6. Be2 O-O 7. O-O Re8 8. f4 Bf8 9. Bf3 c5 10. Nb3 {C41: Philidor Defence} (10. Nde2 Nc6 11. Kh1 Bd7 12. Qd3 b5 13. a3 b4 14. Nd5 Rb8 15. b3 a5 16. Nxf6+ Qxf6 17. Rb1 Rbd8 {0-1 (26) Steingrimsson,H (2576)-Mamedyarov,S (2791) Antalya 2017}) 10... Nc6 11. Re1 a5 12. a4 {The position is equal.} Nb4 13. Be3 g6 $146 ({Predecessor:} 13... Qb6 14. Nd2 Be6 15. f5 Bd7 16. g4 h6 17. h4 d5 18. exd5 {1-0 (69) Socko,B (2635)-Valdes Romero,L (2366) Istanbul 2012}) 14. Bf2 Bh6 15. Bg3 Qb6 16. Nb5 {Hoping for c3.} d5 {[%cal Rd5e4]} 17. e5 {Strongly threatening c3.} ({Reject} 17. exd5 Bf5 $11) 17... Bf5 $1 {[%cal Rf5c2]} 18. Rc1 ({Not} 18. exf6 $2 Bxc2 19. Qd2 (19. Rxe8+ $2 Rxe8 20. Qd2 Bxb3 $19) 19... Bxb3 $19) 18... Ne4 19. Bxe4 Bxe4 20. Nd2 f5 21. Nd6 {[%cal Rd2e4]} Rf8 (21... Re6 $11 {remains equal.}) 22. N2xe4 $16 dxe4 23. Qe2 Qa6 24. Qf2 Qc6 {[#]} 25. Bh4 $1 Nd5 26. g3 Qxa4 27. Qxc5 Qc6 {[#]} 28. Qd4 (28. Qa3 $1 $16) 28... a4 29. Red1 Ra5 30. c4 $36 {[%mdl 2048] Black is under pressure.} Nc7 31. c5 Qa6 $2 {[%mdl 8192]} ({Black should try} 31... Ne6 $14 32. Qe3 Rxc5) 32. e6 Bg7 33. Qd2 {And now e7 would win.} Ra8 34. e7 Qc6 $2 (34... h5 35. Qc2 Kh7 36. Nxe4 Qb5) 35. Qb4 $18 {Black must now prevent Qc4+.} h6 36. Nxb7 R5a7 37. Rd8+ Kh7 38. Qc4 {[%csl Gd8][%cal Rc4g8]} Ne8 39. Nd6 g5 40. fxg5 {aiming for g6+!} hxg5 41. Bxg5 a3 42. bxa3 Ra4 {[#]} 43. Qf7 $1 {[%mdl 64] Double Attack. Accuracy: White = 58%, Black = 39%.} 1-0

[Event "KAZ-ch Open 2019"]
[Site "Almaty"]
[Date "2019.04.27"]
[Round "6.6"]
[White "Nogerbek, Kazybek"]
[Black "Kazakov, Konstantin"]
[Result "1/2-1/2"]
[WhiteElo "2341"]
[BlackElo "2369"]
[Annotator "TA"]
[PlyCount "36"]
[EventDate "2019.04.21"]
[EventType "tourn"]
[EventCountry "KAZ"]
[SourceTitle "playchess.com"]
[Source "ChessBase"]
[SourceQuality "1"]

{[%evp 20,36,41,41,41,41,43,43,25,12,3,0,0,0,0,0,0,0,4]} 1. e4 c5 2. Nf3 Nf6 3. e5 Nd5 4. Nc3 e6 5. Nxd5 exd5 6. d4 Nc6 7. dxc5 Bxc5 8. Qxd5 d6 9. exd6 Qb6 10. Qe4+ Be6 11. Qh4 Bxd6 {B29: Sicilian: 2 Nf3 Nf6 (Nimzowitsch Variation)} (11... f6 12. Bc4 Bxf2+ 13. Qxf2 Bxc4 14. b3 Qxf2+ 15. Kxf2 Bf7 16. c4 Kd7 17. Ba3 a5 18. Nd2 Rhe8 19. Rhe1 {½-½ (30) Anand,V (2759)-Mamedyarov,S (2808) Paris 2018}) 12. Bd3 Nb4 13. O-O {aiming for Be4.} Nxd3 {White is slightly better.} 14. cxd3 O-O {The position is equal.} 15. b3 Qa6 $146 ({Predecessor:} 15... Bf5 16. Rd1 Rac8 17. Bb2 f6 18. Rac1 Rfe8 19. Rc4 {½-½ (33) Zufic,M (2452)-Majeric,Z (2345) Zadar 2007}) 16. Bb2 {And now Ng5 would win.} f6 17. Nd4 Bd7 18. Qe4 Be5 1/2-1/2

[Event "KAZ-ch Open 2019"]
[Site "Almaty"]
[Date "2019.04.28"]
[Round "7.1"]
[White "Kazakov, Konstantin"]
[Black "Agmanov, Zhandos"]
[Result "0-1"]
[WhiteElo "2369"]
[BlackElo "2394"]
[Annotator "TA"]
[PlyCount "168"]
[EventDate "2019.04.21"]
[EventType "tourn"]
[EventCountry "KAZ"]
[SourceTitle "playchess.com"]
[Source "ChessBase"]
[SourceQuality "1"]

{[%evp 11,168,8,24,0,10,0,0,0,0,0,0,0,3,-25,-24,-18,-22,-15,-24,-15,-15,-11,-11,-10,-13,-11,-11,-29,-13,-25,0,0,0,-12,-8,0,0,-5,0,0,1,0,0,0,0,0,0,0,0,0,6,0,2,0,12,0,0,0,1,0,0,0,0,0,0,0,0,0,0,0,0,0,0,0,0,-8,0,0,6,0,0,0,5,0,0,0,0,0,0,0,10,0,5,3,18,8,10,0,0,0,0,-8,0,0,0,-19,-23,-10,-10,-23,-8,-8,-8,-135,-129,-186,-183,-179,-123,-104,0,-185,-182,-182,-158,-150,-154,-155,-155,-368,-389,-345,-363,-422,-414,-406,-365,-374,-371,-356,-337,-357,-315,-358,-329,-427,-390,-527,-529,-560,-552,-541,-512,-720,-703,-688,-668,-1138,-1143]} 1. Nf3 ({Predecessor:} 1. d4 Nf6 2. c4 e6 3. Nc3 d5 4. cxd5 exd5 5. Nf3 Be7 6. Qc2 O-O 7. e3 b6 8. Bd3 Bb7 9. O-O Nbd7 10. b3 a6 {0-1 (60) Everet,A (2253)-Dervishi,E (2484) Bratto 1999}) 1... Nf6 2. e3 d5 3. c4 e6 4. b3 Be7 5. Bb2 b6 6. Nc3 O-O 7. Qc2 $146 {A13: English Opening: 1...e6} (7. cxd5 exd5 8. d4 Bb7 9. Bd3 c5 10. O-O Nc6 11. Na4 Ne4 12. dxc5 bxc5 13. Ne5 Bd6 14. Bxe4 dxe4 15. Nc4 Be7 16. Qg4 g6 17. Qxe4 Qc7 18. Nc3 Nb4 {0-1 (50) Duda,J (2738)-Bacrot,E (2684) chess.com INT 2019}) 7... Bb7 8. cxd5 exd5 9. d4 {The position is equal.} Nbd7 10. Bd3 a6 11. O-O Bd6 12. e4 (12. Rac1 {looks sharper.} Qe7 13. Bf5 Rac8 14. Rfe1 g6 15. Bh3) 12... dxe4 13. Nxe4 Nxe4 14. Bxe4 Bxe4 15. Qxe4 Nf6 16. Qc6 Qe8 17. d5 Qxc6 18. dxc6 Nd5 19. Rfd1 Ne7 20. Rac1 Rad8 21. Ne5 Rfe8 22. Kf1 Nc8 23. g3 f6 24. Nc4 $1 b5 25. Nxd6 Rxd6 26. Rxd6 Nxd6 $11 {[%mdl 4096] Endgame KRB-KRN} 27. Bc3 Re6 28. Ba5 Ne8 29. f3 Kf7 30. Kf2 Ke7 31. Bb4+ Kf7 32. h4 h5 33. Bd2 Nd6 34. Bf4 Nf5 35. Bxc7 Ne7 36. Bb6 Nxc6 37. Be3 Nb4 {White must now prevent ...Nd3+.} 38. Rc7+ Kg6 {...Nd5 is the strong threat.} 39. Bd2 Nd3+ 40. Kf1 Ne5 41. Kf2 Nd3+ 42. Kf1 Ne5 43. Rc3 Nc6 44. Kf2 Kf7 45. Bf4 Nb4 46. Bd2 {Threatens to win with Rc7+.} Nc6 47. a4 bxa4 48. bxa4 Kg6 49. Be3 Ne5 50. Bf4 Nc6 51. Rd3 Ne7 52. Rd7 Nf5 53. a5 Rc6 54. Bd2 Rc4 55. Rd3 Ra4 56. Bc3 Rc4 57. Kg2 Ra4 58. Kh3 Ra3 59. g4 Ne7 60. Kg3 Nc6 61. gxh5+ Kh7 62. Re3 (62. h6 $11 {remains equal.} Ne5 63. Re3) 62... Nxa5 $17 63. h6 (63. Rd3 $17 {was necessary.}) 63... Nc4 $19 ({Weaker is} 63... Kxh6 64. Bxf6 Rxe3 65. Bg5+ Kh5 66. Bxe3 $11) 64. Rd3 Ne5 (64... Kxh6 $19 65. Kf4 Kh5) 65. Re3 $17 Nc4 (65... gxh6 $17 66. h5 Kg8) 66. Rd3 $19 {intending hxg7.} Kxh6 67. Bd2+ Kh5 68. Rd4 Ne5 69. Rf4 {[#]} a5 $1 {[%cal Ba6a5,Ba5a4][%mdl 32]} 70. Bc1 $2 {[#]} (70. Rf5+ $17 {keeps fighting.} Kg6 71. Rf4) 70... Rb3 $1 71. Bd2 {[#]} a4 $1 {[%mdl 576] Deflection} 72. Rxa4 Nxf3 73. Ra5+ Ne5+ 74. Kf4 Kxh4 75. Kf5 Rf3+ 76. Ke6 Kh5 77. Ra1 g5 78. Bb4 Nd3 79. Be7 Kg6 {Black is clearly winning.} 80. Ra8 Re3+ 81. Kd6 Nf4 82. Rf8 Re6+ 83. Kd7 Kf5 {aiming for ...Rxe7+!} 84. Ra8 Nd5 {Accuracy: White = 42%, Black = 82%.} 0-1

[Event "KAZ-ch Open 2019"]
[Site "Almaty"]
[Date "2019.04.28"]
[Round "7.2"]
[White "Kazhgaleyev, Murtas"]
[Black "Nogerbek, Kazybek"]
[Result "1-0"]
[WhiteElo "2578"]
[BlackElo "2341"]
[Annotator "RC"]
[PlyCount "174"]
[EventDate "2019.04.21"]
[EventType "tourn"]
[EventCountry "KAZ"]
[SourceTitle "playchess.com"]
[Source "ChessBase"]
[SourceQuality "1"]
[TimeControl "40/5400+30:1800+30"]

1. d4 {[%emt 0:01:22]} Nf6 {[%emt 0:00:00]} 2. c4 {[%emt 0:00:05]} e6 {[%emt 0:00:00]} 3. Nc3 {[%emt 0:00:03]} d5 {[%emt 0:00:00]} 4. cxd5 {[%emt 0:00:05]} exd5 {[%emt 0:00:02]} 5. Bg5 {[%emt 0:00:07]} Be7 {[%emt 0:00:07]} 6. e3 {[%emt 0:00:14]} Nbd7 {[%emt 0:00:17]} 7. Bd3 {[%emt 0:01:09]} O-O {[%emt 0:00:38]} 8. Nf3 {[%emt 0:00:58]} c6 {[%emt 0:00:53]} 9. Qc2 {[%emt 0:00:09]} Re8 {[%emt 0:00:52]} 10. O-O {[%emt 0:01:10]} h6 {[%emt 0:00:15]} 11. Bf4 {[%emt 0:01:33]} Bf8 {[%emt 0:03:34]} 12. h3 {[%emt 0:02:32]} a6 {[%emt 0:02:27]} 13. Bh2 {[%emt 0:10:22]} b5 {[%emt 0:05:17]} 14. Ne5 {[%emt 0:03:24]} Bb7 {[%emt 0:03:27]} 15. Rad1 {[%emt 0:07:09]} Bd6 {[%emt 0:05:00]} 16. f4 {[%emt 0:03:56]} c5 {[%emt 0:03:56]} 17. g4 {[%emt 0:02:10]} cxd4 {[%emt 0:08:24]} 18. exd4 {[%emt 0:01:53]} Bb4 {[%emt 0:11:44]} 19. Qb3 {[%emt 0:10:07]} Bxc3 {[%emt 0:04:02]} 20. bxc3 {[%emt 0:01:37]} Qe7 {[%emt 0:04:38]} 21. Qb4 {[%emt 0:18:27]} Ne4 {[%emt 0:04:45]} 22. Bxe4 {[%emt 0:06:35]} dxe4 {[%emt 0:01:46]} 23. d5 {[%emt 0:00:27]} Qxb4 {[%emt 0:05:57]} 24. cxb4 {[%emt 0:01:24]} Nb6 {[%emt 0:01:26]} 25. d6 {[%emt 0:01:20]} f6 {[%emt 0:01:49]} 26. Ng6 {[%emt 0:00:10]} Rad8 {[%emt 0:01:07]} 27. f5 {[%emt 0:02:45]} Rd7 {[%emt 0:01:49]} 28. Rfe1 {[%emt 0:02:46]} Nc4 {[%emt 0:02:09]} 29. Rd4 {[%emt 0:01:35]} e3 {[%emt 0:02:55]} 30. Bf4 {[%emt 0:01:50]} Kf7 {[%emt 0:01:34]} 31. Kh2 {[%emt 0:03:46]} Nd2 {[%emt 0:08:05]} 32. Nh4 {[%emt 0:00:15]} Nc4 {[%emt 0:03:20]} 33. Kg3 {[%emt 0:01:06]} Bc6 {[%emt 0:02:13]} 34. Ng2 {[%emt 0:04:26]} Bxg2 {[%emt 0:02:58]} 35. Kxg2 {[%emt 0:00:12]} Red8 {[%emt 0:04:45]} 36. Kf3 {[%emt 0:03:13]} Nxd6 {[%emt 0:00:04]} 37. Red1 {[%emt 0:00:42]} Ke7 {[%emt 0:00:01]} 38. Bxe3 {[%emt 0:00:21]} Nb7 {[%emt 0:00:48]} 39. Rxd7+ {[%emt 0:01:29]} Rxd7 {[%emt 0:00:08]} 40. Rc1 {[%emt 0:00:00]} a5 {[%emt 0:00:00]} 41. a3 {[%emt 0:07:10]} axb4 {[%emt 0:05:11]} 42. axb4 {[%emt 0:00:05]} Kf7 {[%emt 0:02:29]} 43. Rc6 {[%emt 0:09:39]} Nd6 {[%emt 0:01:47]} 44. Bf4 {[%emt 0:01:53]} Nc4 {[%emt 0:01:51]} 45. Ke4 {[%emt 0:02:32]} Rd1 {[%emt 0:03:30]} 46. Rc5 {[%emt 0:02:03]} Na3 {[%emt 0:03:12]} 47. Rc8 {[%emt 0:01:03]} Nc4 {[%emt 0:02:28]} 48. Rb8 {[%emt 0:00:34]} Na3 {[%emt 0:00:30]} 49. Be3 {[%emt 0:01:48]} Rd7 {[%emt 0:02:45]} 50. Bc5 {[%emt 0:01:40]} g6 {[%emt 0:00:07]} 51. Rb6 {[%emt 0:02:07]} Nb1 {[%emt 0:03:00]} 52. Rd6 {[%emt 0:01:40]} Nc3+ {[%emt 0:05:10]} 53. Kd3 {[%emt 0:00:59]} Rxd6+ {[%emt 0:00:12]} 54. Bxd6 {[%emt 0:00:01]} Nd1 {[%emt 0:01:31]} 55. Bc5 {[%emt 0:01:35]} Nb2+ {[%emt 0:00:27]} 56. Ke4 {[%emt 0:00:07]} Nc4 {[%emt 0:01:10]} 57. Kd5 {[%emt 0:01:22]} h5 {[%emt 0:03:48]} 58. gxh5 {[%emt 0:00:18]} gxh5 {[%emt 0:00:06]} 59. Kc6 {[%emt 0:00:23]} Na3 {[%emt 0:00:02]} 60. h4 {[%emt 0:01:56]} Ke8 {[%emt 0:01:00]} 61. Bd4 {[%emt 0:00:26]} Nc2 {[%emt 0:01:21]} 62. Kc5 {[%emt 0:00:36]} Kd7 {[%emt 0:01:12]} 63. Bf2 {[%emt 0:02:08]} Na3 {[%emt 0:00:19]} 64. Be3 {[%emt 0:00:21]} Nc4 {[%emt 0:01:56]} 65. Bf4 {[%emt 0:00:19]} Na3 {[%emt 0:00:05]} 66. Be3 {[%emt 0:02:13]} Nc4 {[%emt 0:00:04]} 67. Bd4 {[%emt 0:00:17]} Nd6 {[%emt 0:00:05]} 68. Kd5 {[%emt 0:00:32]} Nxf5 {[%emt 0:00:05]} 69. Bxf6 {[%emt 0:00:03]} Ng3 {[%emt 0:02:39]} 70. Bg5 {[%emt 0:00:25]} Nf5 {[%emt 0:00:08]} 71. Ke5 {[%emt 0:00:41]} Ng3 {[%emt 0:00:51]} 72. Bd2 {[%emt 0:00:51]} Ke7 {[%emt 0:01:41]} 73. Be1 {[%emt 0:00:07]} Nf1 {[%emt 0:00:05]} 74. Kd5 {[%emt 0:01:04]} Kd7 {[%emt 0:00:53]} 75. Kc5 {[%emt 0:00:07]} Kc7 {[%emt 0:01:08]} 76. Kxb5 {[%emt 0:00:08]} Kb7 {[%emt 0:00:00]} 77. Kc5 {[%emt 0:00:46]} Nh2 {[%emt 0:00:38]} 78. Kd5 {[%emt 0:00:57]} Nf3 {[%emt 0:00:41]} 79. Bf2 {[%emt 0:00:17]} Ka6 {[%emt 0:00:51]} 80. Ke4 {[%emt 0:00:13]} Nd2+ {[%emt 0:01:03]} 81. Kf4 {[%emt 0:00:14]} Kb5 {[%emt 0:00:17]} 82. Be1 {[%emt 0:01:10]} Nc4 {[%emt 0:00:47]} 83. Kg5 {[%emt 0:00:20]} Ne5 {[%emt 0:00:02]} 84. Kxh5 {[%emt 0:00:30]} Nf3 {[%emt 0:00:06]} 85. Bc3 {[%emt 0:00:15]} Kc4 {[%emt 0:00:06]} 86. Kg4 {[%emt 0:00:19]} Nh2+ {[%emt 0:00:03]} 87. Kf4 {[%emt 0:00:09]} Kd5 {Ke4+} 1-0